[Event "Backa Topola-ch"]
[Site "Backa Topola"]
[Date "2010.12.03"]
[Round "8"]
[White "Tomik, Lajos"]
[Black "Pajzer, Istvan"]
[Result "0-1"]
[WhiteElo "2139"]
[BlackElo "2090"]
[PlyCount "52"]
[EventDate "2010.11.17"]
[EventType "swiss"]
[EventRounds "9"]
[EventCountry "SRB"]
[SourceTitle "EXT 2019"]
[Source "ChessBase"]
[SourceDate "2018.10.10"]
[SourceVersion "1"]
[SourceVersionDate "2018.10.10"]
[SourceQuality "1"]

1. d4 Nf6 2. c4 g6 3. g3 c5 4. Nf3 cxd4 5. Nxd4 Bg7 6. Nc3 0-0 7. Bg2 Nc6 8. 0-0 Qb6 9. Nxc6 dxc6 10. Qc2 e5 11. Bd2 Bf5 12. e4 Be6 13. b3 Rad8 14. Rad1 Bg4 15. Rc1 Qc7 16. Be3 b6 17. f3 Be6 18. f4 Ng4 19. Nd1 Rxd1 20. Rcxd1 Nxe3 21. Qd3 Nxd1 22. f5 Rd8 23. Qf3 gxf5 24. exf5 e4 25. Qxe4 Rd4 26. Qf3 Bxf5 0-1